| 000 | 00831nam a2200253 i 4500 | ||
|---|---|---|---|
| 001 | 172601 | ||
| 003 | ES-MaACL | ||
| 005 | 20230906214956.0 | ||
| 007 | t| | ||
| 008 | 090724s1975 it |||| | ita d | ||
| 080 | _a1Sexto Empírico | ||
| 080 | _a165.72 | ||
| 100 | 0 |
_aSexto Empírico. _9105957 |
|
| 245 | 1 | 0 |
_aContro i logici / _cSesto Empirico ; introduzione, traduzione e note di Antonio Russo. |
| 260 |
_aBari : _bLaterza, _c1975. |
||
| 300 |
_aLXIV, 280 p. ; _c18 cm. |
||
| 490 | 1 |
_aPiccola biblioteca filosofica Laterza ; _v94 |
|
| 600 | 0 | 4 |
_aSexto Empírico. _9105957 |
| 650 | 1 | 4 |
_aEscépticos. _912356 |
| 700 | 1 |
_aRusso, Antonio. _9101053 |
|
| 830 | 0 |
_aPiccola biblioteca filosofica Laterza ; _v94 _9184914 |
|
| 852 | 4 |
_aES-MaACL _jE-12893 _z. - Biblioteca Jacinto Martínez Lacalle |
|
| 999 |
_c172601 _d172601 |
||